| 000 | 02184nam a2200469 i 4500 | ||
|---|---|---|---|
| 001 | ebr10905424 | ||
| 003 | CaPaEBR | ||
| 006 | m o d | ||
| 007 | cr cn||||||||| | ||
| 008 | 140826t20142014pauad ob 001 0 eng d | ||
| 020 | _z9780822962717 | ||
| 020 | _a9780822979234 (e-book) | ||
| 040 |
_aCaPaEBR _beng _erda _epn _cCaPaEBR |
||
| 035 | _a(OCoLC)878130506 | ||
| 043 |
_ae-pl--- _ae-bw--- _ae-un--- |
||
| 050 | 1 | 4 |
_aDK4185.B38 _b.P67 2014eb |
| 082 | 0 | 4 |
_a327.4380477 _223 |
| 100 | 1 |
_aPospieszna, Paulina, _eauthor. |
|
| 245 | 1 | 0 |
_aDemocracy assistance from the third wave : _bPolish engagement in Belarus and Ukraine / _cPaulina Pospieszna. |
| 264 | 1 |
_aPittsburgh, Pennsylvania : _bUniversity of Pittsburgh Press, _c2014. |
|
| 264 | 4 | _c�2014 | |
| 300 |
_a1 online resource (276 pages) : _billustrations, charts, tables. |
||
| 336 |
_atext _2rdacontent |
||
| 337 |
_acomputer _2rdamedia |
||
| 338 |
_aonline resource _2rdacarrier |
||
| 490 | 1 | _aPitt Series in Russian and East European Studies | |
| 504 | _aIncludes bibliographical references and index. | ||
| 588 | _aDescription based on print version record. | ||
| 590 | _aElectronic reproduction. Palo Alto, Calif. : ebrary, 2014. Available via World Wide Web. Access may be limited to ebrary affiliated libraries. | ||
| 650 | 0 |
_aDemocratization _zBelarus. |
|
| 650 | 0 |
_aDemocratization _zUkraine. |
|
| 651 | 0 |
_aPoland _xForeign relations _zBelarus. |
|
| 651 | 0 |
_aBelarus _xForeign relations _zPoland. |
|
| 651 | 0 |
_aPoland _xForeign relations _zUkraine. |
|
| 651 | 0 |
_aUkraine _xForeign relations _zPoland. |
|
| 651 | 0 |
_aPoland _xForeign relations _y1989- |
|
| 655 | 0 | _aElectronic books. | |
| 776 | 0 | 8 |
_iPrint version: _aPospieszna, Paulina. _tDemocracy assistance from the third wave : Polish engagement in Belarus and Ukraine. _dPittsburgh, Pennsylvania : University of Pittsburgh Press, c2014 _hxxix, 245 pages _kSeries in Russian and East European studies. _z9780822962717 _w2013048533 |
| 797 | 2 | _aebrary. | |
| 830 | 0 | _aSeries in Russian and East European studies. | |
| 856 | 4 | 0 |
_uhttp://site.ebrary.com/lib/rucke/Doc?id=10905424 _zAn electronic book accessible through the World Wide Web; click to view |
| 999 |
_c67832 _d67832 |
||